000 00313nam a22001457a 4500
003 SGT
020 _a9788119725588
082 _a345
_bGAU
100 _aGAUR K D
245 _aCRIMINAL MANUAL
_bNEW CRIMINAL MAJOR LAWS
250 _a1
260 _aDELHI
_bWHITESMANN
_c2023
300 _aD-151
942 _2ddc
_cBK
999 _c34084
_d34084